Random Facts - Sudden Death - Statistics

General Stats
  • This quiz has been taken 274 times
    61 since last reset
  • The average score is 2 of 15
Answers on the Grid
Answers color-coded by a green-red scale on the quiz's grid according to % correct below.
Gorillas can catch colds
Sugar makes kids hyper
Dogs can be allergic to humans
1 tsp of honey is the life work of 12 bees
Cracking knuckles causes arthritis
George Washington opened a whiskey distillery
Lightning never hits the same place twice
Vikings wore horned helmets
Pennsylvania is misspelled on the Liberty Bell
Bats are blind
Psycho was the first movie to show a toilet flushing
Stop signs used to be yellow
Einstein failed math as a kid
The heads on Easter Island have bodies
Fingernails continue to grow after death
You lose the most heat through your head
President John Tyler had 15 kids
Parent birds will leave their children if a human touches them
In Switzerland, flushing the toilet after 10pm is illegal
Different sections of your tongue taste different flavors
Buzz's girlfriend in the movie Home Alone was a male actor
People thought the world was flat before Columbus
The first person speeding was going 8 mph
Deoxygenated blood is blue
Humans have only five senses
The Twitter logo bird is named "Larry"
You can't sneeze with your eyes open
MLB umpires are required to wear black underwear
Swimming after eating is can cause cramps and is unsafe
Bananas are berries
 
Answer Stats
Answer % Correct
Gorillas can catch colds
74%
1 tsp of honey is the life work of 12 bees
35%
Dogs can be allergic to humans
35%
George Washington opened a whiskey distillery
18%
Pennsylvania is misspelled on the Liberty Bell
15%
Psycho was the first movie to show a toilet flushing
15%
Bananas are berries
9%
Buzz's girlfriend in the movie Home Alone was a male actor
9%
The first person speeding was going 8 mph
9%
The Twitter logo bird is named "Larry"
9%
President John Tyler had 15 kids
6%
The heads on Easter Island have bodies
6%
In Switzerland, flushing the toilet after 10pm is illegal
3%
Stop signs used to be yellow
3%
MLB umpires are required to wear black underwear
0%
No matching quizzes found
Score Distribution
Percent of People with Each Score
Percentile by Number Answered
Your Score History
You have not taken this quiz since the last reset